• 首页
  • 本馆介绍
  • 公告通知
  • 最新文献
  • 馆藏检索
  • 电子资源
  • 读者导购
  • 参考咨询
  • 我的图书馆
  • 登录
  • 详细信息显示
  • 放入我的书架
  • 预约/预借图书
  • 作者相关作品
  • 分类相关作品
  • 丛书相关作品
  • 出版社相关作品

书目信息

  • 表格格式
  • 工作单格式
  • 卡片格式
题名:
地理信息系统与自然保护区规划和管理
    
 
作者: 欧阳志云 编著
分册:  
出版信息: 北京   化学工业出版社  2005.50
页数:
开本: 16开
丛书名:
单 册:
中图分类: X36
科图分类:
主题词: 自然堡区 , 自然保护区 , 自然堡区--环境管理
电子资源:
ISBN: 7-5025-6720-8
000 00647nam0 2200205 450
001 0736196517
005 20070924100316.51
010    @a7-5025-6720-8@d¥36.00
100    @a20070924d km y0chiy0120 ea
101 0  @achi
200 1  @a地理信息系统与自然保护区规划和管理@Adi li xin xi xi tong yu zi ran bao hu qu gui hua he guan li@f欧阳志云 等编著@Fou yang zhi yun deng bian zhu
210    @a北京@c化学工业出版社@d2005.50
215    @d16开
606 0  @a自然堡区
606 0  @a自然保护区
606 0  @a自然堡区@x环境管理
690    @aX36@v3
701  0 @a欧阳志云@Aou yang zhi yun@4编著
801  0 @aCN@bPFT@c20070924
905    @a213230@dX36@eZY23@f1
    
    地理信息系统与自然保护区规划和管理/欧阳志云 等编著.-北京:化学工业出版社,2005.50
    16开
    
    
    ISBN 7-5025-6720-8:¥36.00
    
●
相关链接 在E读中查询图书 在五车中查询图书 在当当中查询图书 在豆瓣中查询图书


正题名:地理信息系统与自然保护区规划和管理     索取号:X36/ZY23         预约/预借

序号 登录号 条形码 馆藏地/架位号 状态 备注
1 7902190   279021906   密集书库-资源管理系/ [索取号:X36/ZY23] 在馆    
唐山师范学院图书馆 欢迎您!
大连网信软件有限公司© 版权所有